Les Chapitres de Harry Potter 7 - Statistiques

Statistiques générales
  • Ce quiz a été pris 738 fois
  • Le résultat moyen est 23 sur 37
Statistiques - réponses
Chapitre Réponse % Correct
8 Le mariage
88%
4 Les sept Potter
84%
31 La bataille de Poudlard
82%
37 Epilogue - Dix-neuf ans plus tard
81%
16 Godric's Hollow
79%
26 Gringotts
79%
22 Les reliques de la mort
78%
23 Le manoir des Malefoy
77%
25 La chaumière aux coquillages
75%
20 Xenophilius Lovegood
73%
35 King's Cross
68%
19 La biche argentée
67%
21 Le conte des trois frères
67%
7 Le testament d'Albus Dumbledore
65%
32 La baguette de sureau
63%
29 Le diadème perdu
62%
3 Le départ des Dursley
61%
10 Le récit de Kreattur
60%
33 Le récit du prince
60%
18 Vie et mensonges d'Albus Dumbledore
60%
5 Le guerrier tombé au combat
59%
36 Le défaut du plan
56%
34 Retour dans la forêt
56%
12 La magie est puissance
55%
1 L'ascension du Seigneur des ténèbres
55%
2 In memoriam
53%
9 Un endroit où se cacher
53%
6 La goule en pyjama
51%
13 La commission d'enregistrement des nés-moldus
50%
17 Le secret de Bathilda
50%
24 Le fabricant de baguettes
49%
14 Le voleur
49%
30 Le renvoi de Severus Rogue
47%
27 La dernière cachette
46%
15 La revanche du gobelin
43%
28 Le miroir manquant
43%
11 Corruption
42%
Aucun quiz correspondant
Distribution des résultats
% des personnes avec chaque résultat
Percentile par nombre de réponses
Votre historique - résultats
Vous n’avez pas pris ce quiz